| 000 | 00000nam##2200000za#4500 |
| 001 | 9.681579 |
| 003 | CaOODSP |
| 005 | 20220328113357 |
| 007 | ta |
| 008 | 150407|2001||||xxc||||| f|0| 0 fre|d |
| 040 | |aCaOODSP|bfre |
| 043 | |an-cn--- |
| 086 | 1 |aC1-21/2000F |
| 110 | 1 |aCanada. |bIndustrie Canada. |
| 245 | 10|aService de télécommunication au Canada : |bun aperçu de l'industrie, 1999-2000 / |cPublié par la Direction générale de la politique des télécommunications. |
| 260 | |aOttawa - Ontario : |bIndustrie Canada |c2001. |
| 300 | |a176p. (en pagination multiple). : |bfigures, graphiques, tableaux ; |c28 cm. |
| 500 | |a«La présente publication présente une vue d'ensemble de l'activité économique, du rendement financier, et des développements relatifs à la réglementation et à l'expansion de l'entreprise dans l'industrie canadienne des services de télécommunication. La publication a été développée à partir des informations obtenues de plusieurs sources différentes, incluant Statistique Canada, les rapports publics de compagnies, et le Conseil de la radiodiffusion et des télécommunications (CRTC).»--Introduction. |
| 520 | 3 |aLa présente publication présente une vue d'ensemble de l'activité économique, du rendement financier, et des développements relatifs à la réglementation et à l'expansion de l'entreprise dans l'industrie canadienne des services de télécommunication. La publication a été développée à partir des informations obtenues de plusieurs sources différentes, incluant Statistique Canada, les rapports publics de compagnies, et le Conseil de la radiodiffusion et des télécommunications (CRTC).--Introduction |
| 563 | |aReliure à anneaux |
| 590 | |a01-31|b2001-08-03 |
| 691 | 07|aTechnologie industrielle|2gcpds |
| 691 | 07|aIndustrie des communications|2gcpds |
| 775 | 08|tTelecommunications service in Canada : |w(CaOODSP)9.648272 |
| 776 | 0#|tService de télécommunication au Canada : |w(CaOODSP)9.639269 |